बाल हिन्दी शब्दकोश / (Record no. 215274)
[ view plain ]
| 000 -LEADER | |
|---|---|
| fixed length control field | 00804nam a22001697a 4500 |
| 005 - DATE AND TIME OF LATEST TRANSACTION | |
| control field | 20260301150432.0 |
| 010 ## - LCCN (DPL NO) | |
| LC control number | BACCHHN26 |
| 020 ## - INTERNATIONAL STANDARD BOOK NUMBER | |
| International Standard Book Number | 9789393365217 |
| Terms of availability | 700.00 |
| 037 ## - SOURCE OF ACQUISITION | |
| Source of stock number/acquisition | पेपरलिंग पब्लिशिंग कम्पनी |
| 082 ## - DEWEY DECIMAL CLASSIFICATION NUMBER | |
| Classification number | 181.4 |
| 100 ## - MAIN ENTRY--PERSONAL NAME | |
| Personal name | वशिष्ठ,पूजा |
| 245 ## - TITLE STATEMENT | |
| Title | बाल हिन्दी शब्दकोश / |
| Statement of responsibility, etc | पूजा वशिष्ठ |
| 260 ## - PUBLICATION, DISTRIBUTION, ETC. (IMPRINT) | |
| Place of publication, distribution, etc | दिल्ली |
| Name of publisher, distributor, etc | पेपरलिंग पब्लिशिंग कम्पनी |
| Date of publication, distribution, etc | 2025 |
| 270 ## - ADDRESS | |
| Address | प्रथम तल,568, डॉ मुखर्जी मार्ग, |
| City | दिल्ली |
| Postal code | 110009 |
| 300 ## - PHYSICAL DESCRIPTION | |
| Extent | 304पृ. |
| Dimensions | 26 सेमी.(अजिल्द) |
| Other physical details | सचित्र |
| 942 ## - ADDED ENTRY ELEMENTS (KOHA) | |
| Source of classification or shelving scheme | Dewey Decimal Classification |
| Item type | Children Books |
| Classification part | 423 |
| Call number suffix | वशिष्ठ |
No items available.
